00720cam 2200241u 4500001000800000005001700008008004100025035002100066906004500087010001700132040001900149050001500168245002500183260005000208300002900258650001800287650003100305650002800336650002300364700002300387991003800410099003000448948964620031008161430.0811231s1976 nyua 000 0 eng  9(DLC) 75016980 a0bcbccpremunvduencipf19gy-gencatlg a 75016980  aDLCcCarPdDLC00aM125b.C5704aThe Classical guitar aNew York,:bAriel Music Publications,cc1976. a144 p.b: ill. ;c28 cm. 0aGuitar music. 0aGuitar music (Guitars (2)) 0aGuitar music, Arranged. 0aSongs with guitar.1 aNoad, Frederick M. bc-MusichM125i.C57tCopy 1wPREM anoad-classical-1071955659